The Feynman Lectures on Physics (Record no. 159089)

MARC details
000 -LEADER
fixed length control field 00861nam a22002177a 4500
008 - FIXED-LENGTH DATA ELEMENTS--GENERAL INFORMATION
fixed length control field 181129b ||||| |||| 00| 0 eng d
020 ## - INTERNATIONAL STANDARD BOOK NUMBER
International Standard Book Number 9788131792117
Terms of availability 649.00
035 ## - SYSTEM CONTROL NUMBER
System control number B-713010
040 ## - CATALOGING SOURCE
Original cataloging agency dpl
Language of cataloging en
082 ## - DEWEY DECIMAL CLASSIFICATION NUMBER
Classification number 540
100 ## - MAIN ENTRY--PERSONAL NAME
Personal name Feynman, Richard P.
245 ## - TITLE STATEMENT
Title The Feynman Lectures on Physics
Statement of responsibility, etc Richard P. Feynman, Robert B. Leighton and Mathews Sands
250 ## - EDITION STATEMENT
Remainder of edition statement New millennium edition
260 ## - PUBLICATION, DISTRIBUTION, ETC. (IMPRINT)
Place of publication, distribution, etc Noida
Name of publisher, distributor, etc Pearson
Date of publication, distribution, etc 2013
270 ## - ADDRESS
Address 15th Floor, tower-b,world trade tower, Plot. No.1, Sec 16, Noida, Uttar Pradesh -201301
300 ## - PHYSICAL DESCRIPTION
Extent vp.
Dimensions 28cm.
700 ## - ADDED ENTRY--PERSONAL NAME
Personal name Leighton Robert B.
700 ## - ADDED ENTRY--PERSONAL NAME
Personal name Sands, Mathews.
942 ## - ADDED ENTRY ELEMENTS (KOHA)
Source of classification or shelving scheme Dewey Decimal Classification
Item type English Books
Classification part 540
Call number suffix FEY

No items available.


© Delhi Public Library
Hit Counter
free hit counter